| 000 | 00551nam a2200193Ia 4500 | ||
|---|---|---|---|
| 005 | 20250508152822.0 | ||
| 008 | 008 250505s9999 xx 000 0 eng d | ||
| 037 | _aBooks to be hide in OPAC | ||
| 040 |
_aFEDL _beng _cFEDL |
||
| 041 |
_aeng _2eng |
||
| 084 | _qFEDL | ||
| 100 |
_aGeorge Z Ed. _9597003 |
||
| 245 | 0 | _aYear book of education 1960: Communication media and the school | |
| 260 |
_aLondon, UK _bEvans Brothers Ltd. _c1960 |
||
| 300 | _axiv,592p. | ||
| 700 |
_a Bereday F Ed. _9762468 |
||
| 942 | _cHB | ||
| 999 |
_c1338956 _d1338956 |
||